• 首页
  • 本馆介绍
  • 公告通知
  • 最新文献
  • 馆藏检索
  • 电子资源
  • 读者导购
  • 参考咨询
  • 我的图书馆
  • 登录
  • 详细信息显示
  • 放入我的书架
  • 预约/预借图书
  • 作者相关作品
  • 分类相关作品
  • 丛书相关作品
  • 出版社相关作品

书目信息

  • 表格格式
  • 工作单格式
  • 卡片格式
书名: australia's revolution
作者: E.F.Hill.
分册号:
分册名:
出版地: MELBOURNE,
 
出版社:
出版时间: 1973.
页数: 254 p. ;
开本: 16cm.
丛书名:
中图分类号:
科图分类号:
其他分类号: K611.54
主题词:
电子资源:
000 00412nam 2200145 a 4500
001 E0762642234
005 20070727173018.40
008 070727s1973 00010 eng
020    @cCNY0.50.
040    @aPFT@beng
090    @aK611.54
099    @dK611.54@ex3
245 1  @aaustralia's revolution :@bon the struggle for a Marxist-Leninist Communist Party / @cE.F.Hill.
260    @aMELBOURNE,@c1973.
300    @a254 p. ;@c16cm.
    
    australia's revolution : : on the struggle for a Marxist-Leninist Communist Party / / E.F.Hill.-MELBOURNE, , 1973.
    254 p. ; ; 16cm.
    
    
    ISBN CNY0.50.
    
●
相关链接 在E读中查询图书 在五车中查询图书 在当当中查询图书 在豆瓣中查询图书


正题名:australia's revolution     索取号:K611.54/x3         预约/预借

序号 登录号 条形码 馆藏地/架位号 状态 备注
1 13938   300139384   第二样本阅览室/ [索取号:K611.54/x3] 在馆    
唐山师范学院图书馆 欢迎您!
大连网信软件有限公司© 版权所有